000 00916nam a2200253Ia 4500
003 OSt
005 20220923211234.0
006 a|||||r|||| 00| 0
007 ta
008 Pun
020 _a9788171435586 (hbk)
_c200
024 _a281,263
037 _b881, 12/08/2014, H.K. Prakashan
_cTextual
040 _aARTS
_cARTS
_bPun
041 _2Pun
_aPun
082 _aO153,2NDH:g, Q1
100 _aਹੁੰਦਲ, ਗੁਰਮੀਤ ਸਿੰਘ, ਥਦ.
_9156325
245 0 _aਕੇਵਲ ਧਾਲੀਵਾਲ ਦਾ ਰੰਗਮੰਚ ਸੰਸਾਰ
260 _aਅੰਮ੍ਰਿਤਸਰ
_b ਰਵੀ ਸਾਹਿੱਤ ਪ੍ਰਕਾFਨ
_c2011
300 _a248ਪੰ
_ccm.
650 _aਪੰਜਾਬੀ ਸਾਹਿਤ
942 _hO153,2NDH:g, Q1
_cTEXL
_2CC
999 _c297453
_d297453